|
|
|
|
| LEADER |
00000nam a22000007a 4500 |
| 005 |
20210518224611.0 |
| 007 |
cr|||| |||| |
| 008 |
210518s2021 es |||||s|||| 00||0 spa d |
| 020 |
|
|
|a 978-84-1377-284-4
|
| 035 |
|
|
|a 33511
|
| 040 |
|
|
|a vLex
|
| 090 |
|
|
|c 11721
|d 11721
|
| 100 |
1 |
|
|a Grande Yę̀z, Miguel
|
| 245 |
1 |
0 |
|a Equidad y sentido de justicia
|h [Recurso electrn̤ico] /
|c Miguel Grande Yę̀z
|
| 256 |
|
|
|a Servicio en ln̕ea
|
| 260 |
|
|
|a Madrid:
|b Dykinson,
|c 2021
|
| 300 |
|
|
|a 1 recurso electrn̤ico
|
| 500 |
|
|
|a En la tradicin̤ jurd̕ica la equidad se muestra como un concepto cientf̕ico y dogmt̀ico, desprendido de la esencia del ser humano, o que incluso puede resultar repudiado como en el cientifismo formalista kelseniano. En esta obra se trata de otorgar un nuevo posicionamiento a la equidad como facultad incrustada en la esencia humana y en su capacidad para desvelar lo injusto y lo justo como sentido antropolg̤ico y ontolg̤ico de justicia. Por ello las recuperaciones ms̀ sociolg̤icas e institucionales de la equidad que facultaron los pensamientos de cls̀icos del siglo XX como Perelman y Rawls, se antojan insuficientes. La equidad tiene que obtener un nuevo enclave jurd̕ico y iusfilosf̤ico desde la Hermenǔtica, en el cual el juez debe disponer de una elevada dosis interpretativa con la cual resulte ms̀ fluido su compromiso como agente jurd̕ico creador y responsable. Pero para ello sl̤o es posible comprender la equidad como una aspiracin̤ innegable y persistente en la existencia humana.
|
| 506 |
1 |
|
|a Disponible solo en los productos indicados
|d vLex Global
|d vLex Global (Academic Edition, excluding Law Schools)
|d vLex Global (U.S. Academic Edition, Law Schools)
|d vLex Global (U.S. Academic Edition, excluding Law Schools)
|d vLex Global (Academic Edition, Law Schools)
|
| 650 |
0 |
4 |
|a Derecho Militar
|z Espaą
|
| 740 |
0 |
|
|a vLex Libros (Servicio en ln̕ea)
|
| 856 |
4 |
0 |
|u https://vlex.com/source/equidad-y-sentido-de-justicia-33511
|z Acceso restringido
|
| 942 |
|
|
|c BOOK
|
| 999 |
0 |
|
|a Military Law
|